| 000 | 00567nam a22001697a 4500 | ||
|---|---|---|---|
| 005 | 20231124063943.0 | ||
| 008 | 231124b |||||||| |||| 00| 0 eng d | ||
| 020 | _a9991604073 ; 9991604103 | ||
| 041 | _aEnglish | ||
| 082 | _a340.09 O'LI | ||
| 100 |
_aO'Linn, B _lEnglish |
||
| 245 |
_aNamibia : The Sacred Trust of Civilization Ideal and Reality / _cB O'Linn |
||
| 260 |
_aWindhoek : _bGamsberg Macmillan Publishers (Pty) Ltd, _c2004 |
||
| 300 |
_bxxii, 392 pages ; _c25 cm. |
||
| 650 |
_aLegal practice _bLaw |
||
| 942 |
_cBK _6ALISON_BN_VRIES |
||
| 999 |
_c920 _d920 |
||